[Event "Sofia MTel Masters 1st"]
[Site "Sofia"]
[Date "2005.05.18"]
[Round "6"]
[White "Topalov, Veselin"]
[Black "Anand, Viswanathan"]
[Result "1-0"]
[WhiteElo "2778"]
[BlackElo "2785"]
[Annotator "Tyomkin,D"]
[PlyCount "103"]
[EventDate "2005.05.12"]
[EventType "tourn"]
[EventRounds "10"]
[EventCountry "BUL"]
[EventCategory "20"]
[SourceTitle "CBM 107"]
[Source "ChessBase"]
[SourceDate "2005.08.01"]
[SourceVersion "1"]
[SourceVersionDate "2005.08.01"]
[SourceQuality "1"]

{[%mdl 1]} 1. d4 Nf6 2. c4 e6 3. Nf3 b6 4. g3 Ba6 5. b3 Bb4+ 6. Bd2 Be7 7. Nc3
c6 8. e4 d5 9. Qc2 dxe4 10. Nxe4 Bb7 11. Neg5 {Vishy used the game
Topalov-Leko for his preparation, and he definitely liked Black there, while
Topalov was ready for this line and had prepared an improvement.} (11. Bg2 c5
12. Neg5 {with the idea Nxf7, but almost any logical move of black prevents
this threat!} (12. Nfg5 Nxe4 13. Nxe4 Nc6 $17) 12... Nc6 (12... O-O $142 13.
dxc5 h6 $15) 13. dxc5 bxc5 14. Bc3 (14. O-O h6 15. Ne4 Qc8 $6 (15... Nb4 16.
Nxf6+ Bxf6 17. Bxb4 cxb4 18. Rad1 Qe7 $15 {^^}) 16. Bc3 Nb4 17. Nxf6+ Bxf6 18.
Qb2 $14 {0-1 Foisor,O-Vilela,J/Polanica Zdroj 1982/MCD (75)}) 14... Nd4 15.
Bxd4 cxd4 16. O-O O-O (16... Nd7 17. Rfe1 $5 Bxg5 18. Nxg5 Bxg2 19. Qf5 Qf6 20.
Nxe6 Qxf5 21. Nxg7+ Kf8 22. Nxf5 Bh3 23. Nxd4 Kg7 {A draw is the most likely
outcome in this ending.}) 17. Ne5 Bxg2 18. Kxg2 Bd6 $2 {Overlooking simple
tactics:} (18... Qc7 19. Rae1 (19. f4 h6 20. Ngf3 Nd5 $1 $17) ({The same idea
doesn't work here:} 19. Ng4 g6 20. Nh6+ Kg7 21. Nhxf7 Qc6+ $17) 19... h6 20.
Ngf3 Rfd8 {Black is just fine here.}) 19. Ng4 g6 20. Nh6+ Kg7 21. Nhxf7 $16 {
1-0 Topalov,V-Leko,P/Monte Carlo 2005/CBM 105 ext (36)}) 11... c5 {12.Bg2
would transpose to the game Topalov-Leko, but Topalov had prepared something
much more aggresive for this game.} (11... h6 12. Nxf7 (12. Nxe6 fxe6 13. Bh3
$5 (13. Qg6+ Kd7 14. Bh3 Qe8 $1) 13... O-O $140 14. Bxe6+ Kh8 15. Ne5 $18)
12... Kxf7 13. Ne5+ Kg8 14. Bh3 Bc8 15. O-O {with the same scenario as in the
game - White is a piece down but has long-term compensation.}) (11... O-O 12.
O-O-O (12. Bd3 h6 13. Bh7+ Kh8 14. Nxf7+ Rxf7 15. Ne5 Rf8 16. Ng6+ Kxh7 17.
Nxe7+ Kh8 18. Ng6+ Kg8 19. Nxf8 Kxf8 $17) 12... h6 13. h4 c5 14. d5 {Topalov
definitely looked for such scenario in this game - he is simply better than
anyone in such positions.}) 12. d5 exd5 13. cxd5 h6 {Fritz would agree with
Vishy here! This move "induces bluff"- the Nxf7 sacrifice, and Vishy believed
in Black's defense. From the other moves, 13...0-0 is probably the strongest,
while White has a nice initiative in all the cases.} (13... Bxd5 14. O-O-O (14.
Bb5+ Kf8 $5 {[%cal Gh7h6]}) 14... h6 15. Bc3 $1 hxg5 16. Bxf6 Bxf6 17. Bc4 Bd4
18. Rhe1+ Be6 19. Bxe6 $18) (13... O-O 14. O-O-O (14. Bc3 g6 15. O-O-O Nxd5 16.
h4 $44) 14... g6 (14... h6 15. h4 Bxd5 16. Bc3 $16) 15. h4 {[%cal Gd2c3,Gh4h5]}
) 14. Nxf7 $1 {[%mdl 512] Definitely a home preparation by Topalov. The
exclamation mark is for the bravery, on the other hand Veselin probably
analysed it in depth.} (14. Bb5+ Nbd7 (14... Kf8 15. Nxf7 {leads to the same
as in the game, but with the bishop developed to b5.}) 15. Ne6 fxe6 16. Qg6+
Kf8 17. dxe6 Qe8 $1) 14... Kxf7 15. O-O-O Bd6 $1 {The toughest defense. Other
moves lead to clear advantage for White.} (15... Nbd7 16. Nh4 Nf8 17. d6 Bxh1
18. dxe7 Qxe7 19. f3 {[%cal Gf1c4] The Bh1 is dead, after grabbing the bishop,
White will be down an exchange only but still attacking.}) (15... Bxd5 $2 16.
Bc3 Nbd7 (16... Nc6 17. Bxf6 Bxf6 18. Rxd5 $18) 17. Rxd5 Nxd5 18. Qf5+ N7f6 19.
Ne5+ Kf8 20. Ng6+ Kg8 21. Bxf6 $18 {[%cal Gf1c4]}) (15... Kg8 $6 16. Bc3 Nbd7
17. Qf5 Qe8 $8 18. Bc4 $36) 16. Nh4 $1 {[%csl Gf5,Gg6]} Bc8 $1 {The only move
again! Black moves the bishop to the starting position While there are 4 other
pieces still undeveloped! Many humans would fail to find this move, but Vishy
is Vishy!} (16... Bxd5 $2 17. Bc3 Bxh1 18. Bc4+ $18) (16... Re8 17. Qg6+ Kg8
18. Nf5 Qc7 19. Bxh6 Bf8 {and now the fastest way is the one suggested by
Fritz:} 20. Bxg7 $1 Bxg7 21. Bb5 $1 $16 {with BxR and d6 threats - black is
hopeless.}) 17. Re1 $1 {Qg6 check was so tempting....} Na6 {17...Re8 is
possible, but doesn't help much.} (17... Re8 18. Qg6+ Kg8 (18... Kf8 19. Bb5 {
and Bxh6 next;}) 19. Bc4 {with the same Re6 idea as happened in the game.} ({
or and Bc3 then.} 19. Bd3)) 18. Re6 $1 {That's the reason why Topalov needed
the black King on f7 - now BxR loses due to Pxe6 check and then BxN.} Nb4 $6 {
The 18...Nc7 line would lead to very messy position with unbalanced material.
In the 18...Kg8 line I don't see more than a draw for white... In my opinion,
Black's troubles started from this move.} (18... Nc7 19. Qg6+ (19. Bc4 b5 20.
Bc3 Nfe8) 19... Kg8 20. Nf5 Bf8 21. Bc4 b5 22. Ne7+ $1 Bxe7 23. Rxe7 Qxe7 $1 (
23... Qf8 24. Rxc7 bxc4 25. bxc4 Ng4 26. Bc3 Rh7 27. Qc6 $16 {[%cal Gd5d6,
Gh1e1,Ge1e7]}) (23... Rh7 24. Bc3 $1 Qf8 $8 25. Rhe1 $16) 24. d6+ bxc4 25. dxe7
Be6 26. bxc4 Bxc4 27. Bf4 Bf7 {Black manages to survive in this line and the
outcome here is unpredictable.}) (18... Kg8 19. Bc3 Nxd5 (19... Bxe6 20. dxe6
Nc7 21. e7 $1 Bxe7 (21... Qxe7 22. Bc4+ {[%cal Gh4f5]}) 22. Bxf6 $16) 20. Qg6
Qg5+ 21. Qxg5 hxg5 22. Rxd6 Nxc3 23. Bc4+ Kh7 24. Bd3+ g6 25. Re1 Bf5 26. Nxf5
gxf5 27. Re7+ Kg8 28. Rg6+ Kf8 29. Rgg7 Nb4 {and I don't see more than
perpetual check.}) 19. Bxb4 (19. Qg6+ Kg8 20. Nf5 Bf8 $17) 19... cxb4 20. Bc4 {
White is bringing his last forces to the attack.} b5 $1 {diverting the bishop
from the attack and gaining a tempo for a pawn. Again, Vishy finds the best
defense!} (20... Kg8 21. Nf5 Bxe6 22. dxe6 Be7 23. Rd1 Qf8 24. Rd7 Re8 25. Rxa7
$16 {An amazing position! Black is a rook up but can't move - almost zugzwang!}
) (20... Kf8 21. Rhe1 b5 22. Bxb5 (22. Qg6 Bxe6 23. dxe6 Qe8 24. Bxb5 Qxg6 25.
Nxg6+ Kg8 26. Nxh8 Kxh8 27. e7 Ne8 $11) 22... Bxe6 23. dxe6 Rc8 24. e7+ $1 Bxe7
25. Bc4 $16) 21. Bxb5 Be7 $4 {A horrible blunder. Even the best of us catch
black-outs from time to time. Tactical blunders is the main reason why
computers beat humans lately (A good example is Adams vs Hydra). After the
only move 21...Kg8, I can't find any clear way for White's advantage.} (21...
Kg8 $1 22. Bc4 (22. Ng6 $5) (22. Rd1 $5) 22... Rb8 (22... Rh7 23. Rhe1 $16) 23.
Nf5 Rb6 24. Rhe1 {with the threat Rxf6} Kf8 $8 {and Black manages to survive.})
(21... Rb8 22. Qg6+ Kg8 23. Nf5 Bf8 24. Bc4 Rh7 25. Rhe1 $18) 22. Ng6 $18 Nxd5
(22... Bxe6 23. dxe6+ Kg8 24. Rd1 $18) 23. Rxe7+ $6 {Topalov just missed an
immediate win here.} (23. Re5 $1 $18 {[%cal Re5d5]} Bb7 (23... Be6 24. Nxh8+
Qxh8 25. Rxe6 $1 Kxe6 26. Qc6+ $18 {winning all black pieces.}) 24. Qf5+ Kg8
25. Bc4 $18 {winning a lot of material.}) 23... Nxe7 {The fight is still on.}
24. Bc4+ Kf6 {The rook ending in the 24..Be6 line is just hopeless for Black.}
(24... Be6 25. Bxe6+ Kxe6 26. Re1+ Kf6 27. Nxe7 Rc8 28. Nxc8 Qxc8 29. Re4 Qxc2+
30. Kxc2 a5 31. Rc4 $18) 25. Nxh8 Qd4 $1 {The best chance.} (25... Qxh8 26. Rd1
{Black is still up a piece, but completely hopeless against White's attack.})
26. Rd1 Qa1+ 27. Kd2 Qd4+ 28. Ke1 Qe5+ 29. Qe2 (29. Kf1 $2 Bh3+) 29... Qxe2+
30. Kxe2 Nf5 (30... Bg4+ 31. f3 Rxh8 32. fxg4 Nc8 33. Rd5 $18 {[%cal Gd5b5]})
31. Nf7 a5 (31... Be6 32. Bxe6 Kxe6 33. Nd8+ $18) 32. g4 Nh4 33. h3 Ra7 34.
Rd6+ Ke7 35. Rb6 Rc7 36. Ne5 {Cutting black's knight off. The white pieces are
dominating.} Ng2 37. Ng6+ Kd8 38. Kf1 {Finally trapping this unlucky knight.}
Bb7 39. Rxb7 Rxb7 40. Kxg2 {The rest wasn't necessary, but Vishy decided to
continue.} Rd7 41. Nf8 Rd2 42. Ne6+ Ke7 43. Nxg7 Rxa2 44. Nf5+ Kf6 45. Nxh6 Rc2
{With a last hope RxB.} 46. Bf7 Rc3 47. f4 a4 48. bxa4 b3 49. g5+ Kg7 50. f5 b2
51. f6+ Kh7 52. Nf5 $1 {Veselin chooses the most elegant way to finish this
game.} (52. Nf5 b1=Q 53. g6+ Kh8 54. g7+ Kh7 55. g8=Q#) 1-0

[Event "Corus"]
[Site "Wijk aan Zee"]
[Date "2005.01.26"]
[Round "10"]
[White "Topalov, Veselin"]
[Black "Polgar, Judit"]
[Result "0-1"]
[WhiteElo "2757"]
[BlackElo "2728"]
[Annotator "Tyomkin,D"]
[PlyCount "106"]
[EventDate "2005.01.15"]
[EventType "tourn"]
[EventRounds "13"]
[EventCountry "NED"]
[EventCategory "19"]
[SourceTitle "CBM 105"]
[Source "ChessBase"]
[SourceDate "2005.04.11"]
[SourceVersion "1"]
[SourceVersionDate "2005.04.11"]
[SourceQuality "1"]

1. d4 Nf6 2. c4 e6 3. Nf3 b6 4. g3 Ba6 5. b3 Bb4+ 6. Bd2 Be7 7. Nc3 O-O 8. Rc1
{Topalov's variation! However this move hasn't brought him any single win yet-
few draws and a loss in this game. 8.e4 is the most popular, but also 8.Qc2
and 8.Bg2 were tried by some strong players.} d5 $146 {Judit invents a novelty,
while it seems like black got a good play in previous games. I am not sure
that Judit prepared this move at her home preparation- she probably more
expected 1.e4 from Topalov in this game.  The strongest looks 8...c6 following
with d5;} (8... c6 $1 9. e4 d5 10. Bd3 dxe4 (10... dxc4 $5 11. bxc4 e5 {
and black look very good here.}) (10... dxc4 $5 11. bxc4 e5 $1 {and black
looks great here.}) 11. Nxe4 Nbd7 12. Nxf6+ Nxf6 13. Bc3 c5 14. dxc5 Bxc5 15.
Qe2 Bb7 16. O-O h6 (16... Re8 $5 {[%cal Ge6e5]} 17. b4 e5 18. Ng5 $6 Bd4 19.
Ne4 Rc8 20. Nxf6+ Qxf6 $15 {0-1 Bologan,V-Tkachiev,V/Belfort 2004/EXT 2005 (35)
}) 17. b4 Be7 18. Rfd1 Qc7 19. Bxf6 Bxf6 20. Be4 Bxe4 21. Qxe4 a5 $1 $11 {
1/2-1/2 Topalov,V-Gelfand,B/Monaco 2004/CBM 099 ext (50)}) (8... Bb7 9. Bg2 d5
10. Ne5 Na6 11. cxd5 exd5 12. O-O c5 13. Be3 Re8 14. Nd3 Qd7 15. Na4 cxd4 16.
Bxd4 Ne4 $11 {1/2-1/2 Topalov,V-Kramnik,V/Monaco 2004/CBM 099 ext (41)}) (8...
Ba3 {Finkel} 9. Rc2 (9. Rb1 d5 10. cxd5 (10. b4 c5 11. bxc5 bxc5 12. cxd5 exd5
13. Qa4 cxd4 14. Qxa3 dxc3 15. Bxc3 Ne4 $13) 10... exd5 11. Bg2 c5 12. O-O Nc6
13. Bg5 Re8 $132) 9... Nc6 10. Bc1 Bb4 (10... Bxc1 11. Rxc1 Bb7 12. Bg2 Ne7 13.
O-O d6 14. Qd3 Re8 15. e4 $14) 11. Bg2 (11. a3 Bxc3+ 12. Rxc3 Bb7 13. Bg2 Ne7
14. O-O d6 $13) 11... b5 $5 {Beliavsky is famous for his uncompromising style,
that's why he starts a fight for the initiative from the very first moves.} 12.
cxb5 Bxb5 13. Bd2 (13. O-O Bxc3 14. Rxc3 Ne4 (14... Rb8 15. Re1 Ne4) 15. Re3 d5
16. a4 Ba6 17. Ba3 $14) 13... Rb8 14. O-O a5 {Black's play on the queenside is
based on the advance of an a-pawn.} 15. Nxb5 Rxb5 16. Bg5 Be7 17. Bxf6 Bxf6 18.
Qd2 Nb4 19. Rcc1 c6 20. Rfd1 Qa8 21. e3 (21. e4 d5 22. e5 Be7 23. Rc3 Rb6 24.
Rdc1 $13) 21... Rfb8 22. Ne5 $6 {I don't like the idea to give black a chance
to get rid of the knight.} Bxe5 23. dxe5 R5b7 24. Rc4 Nd5 {1/2-1/2 Ionov,
S-Beliavsky,A/Sochi 2004/CBM 101/[Finkel,A] (81)}) 9. cxd5 Nxd5 (9... exd5 10.
Bg2 $14) 10. Nxd5 exd5 11. Bg2 Re8 12. Rc2 {This rook will serve to protect
e2- white intends to move the bishop d2 and then to castle if possible... But
this game got completely different scenario!} Bd6 13. Bg5 Bb4+ $1 {This
intermediate check prevents white from castling in this game! Topalov
definitely expected this move.} 14. Kf1 f6 15. Bf4 Nd7 $6 {15...Bd6 looks safe
and logical, while Judit goes for the fast development.} (15... Bd6 16. Ne5 $1
Bb7 17. Nd3 a5 $1 $11 {[%cal Gb8a6,Ga6b4]}) 16. Ne1 $6 {iT seems like 16.a3
leads to white's advantage, while the game move allows black to regroup.} (16.
a3 $5 Bd6 (16... Bxa3 $2 17. Qa1 Qe7 18. Ng1 $1 $16 {[%csl Ya3,Ya6,Rd5][%cal
Rc2a2]}) (16... Bf8 17. Ng1 $1 $16 {[%csl Rc7,Rd5]}) 17. Nh4 Bxf4 (17... Bb7
18. Bxd6 cxd6 19. Bf3 $16 {[%csl Rd6,Rd7][%cal Gf1g2,Yh4f5]}) 18. Bxd5+ Kh8 19.
gxf4 Rc8 20. Bc6 $16) (16. Bxc7 Rxe2 (16... Bxe2+ 17. Rxe2 Qxc7 18. Ne1 $1 Rxe2
19. Qxe2 (19. Bxd5+ $6 Kf8 20. Qxe2 Re8) 19... Kf8 20. Nd3 Re8 21. Qd1 $14) 17.
Rxe2 Qxc7 18. Kg1 Bxe2 19. Qxe2 Qc1+ $11) 16... c6 17. Nd3 Bxd3 18. Qxd3 Rc8
19. Bh3 g6 $1 {[%cal Gf6f5,Gd7f6] black intends to block light square bishop
of white with f5.} 20. a3 Bf8 {The swap of a-pawns in 20...Bxa3 line is in
white's favor.} (20... Bxa3 21. Ra2 Bf8 22. Rxa7 f5 23. Kg2 $14) 21. e3 $6 {
Very risky move which locks Bf4. 21.b4 would protect everthing and white would
have time to bring Rh1 into the game.} (21. Kg2 f5 22. g4 $140 g5 {[%cal Gf5f4]
}) (21. b4 $142 f5 22. Kg2 $14 {[%cal Gh1c1,Yg2g1]}) 21... Qe7 (21... g5 $6 22.
Qf5 $1) 22. Bg4 {No way back. after 22.g4 black can safely grab a3 pawn.} (22.
g4 Qxa3) 22... g5 23. Qf5 ({Fritz suggests crazy but worthless} 23. Bb8 Nxb8
24. Bxc8 Rxc8 25. Qf5 Qd7 $1 $17) (23. Bxg5 fxg5 24. h4 gxh4 25. Rxh4 Kh8 $1
$17) 23... gxf4 {It seems like white doesn't get enough compensation in 23...
Red8, while also 23...gxf4 keeps an advantage (only if my analysis of 24.Qxd7
line is accurate!)} (23... Red8 24. Rxc6 Rxc6 25. Qxd5+ Kh8 26. Qxc6 gxf4 27.
gxf4 Nb8 $1 $15) 24. gxf4 $4 {This move actually loses a game. I guess Topalov
didn't see any good for him in 24.Qxd7 line, however this was a best chance
for him. According my analysis of 24.Qxd7 line, the best black can achieve in
it is some slight advantage in the ending.} (24. Qxd7 $1 Qe4 25. Rg1 Qxc2 (
25... fxe3 26. Bf5 Rc7 $1 27. Qxc7 Qxf5 28. Re2 Bxa3 (28... c5 29. Qf4 $1 Qd3
30. fxe3 Re4 31. Qxf6 cxd4 32. Qg5+ Kh8 33. Qf6+ Kg8 34. Qg5+ $11) 29. Qf4 Qd3
30. Qxf6 exf2 31. Qg5+ Kh8 32. Qf6+ Kg8 33. Qg5+ $11) 26. Bf5 Rc7 $1 (26...
Qd1+ 27. Kg2 Qh5 28. Be6+ Kh8 29. Bf7 Re7 (29... Red8 30. Qxc8 Rxc8 31. Bxh5
$11) 30. Qxe7 Bxe7 31. Bxh5 fxe3 32. fxe3 $11) 27. gxf4+ Kh8 28. Qxe8 Qd1+ 29.
Kg2 Rg7+ 30. Kh3 Qxg1 31. Qxf8+ Rg8 32. Qxf6+ Qg7 (32... Rg7 33. Qf8+ $11) 33.
Qxg7+ Rxg7 34. b4 Rc7 {[%cal Gc6c5] black is better here-after c5 break pawn
a3 of white will become a target, but white has good chances to escape!} 35. a4
c5 36. dxc5 bxc5 37. bxc5 Rxc5 38. Kg4 {and i think white can draw it here.})
24... Kh8 $1 $19 {Tough defense- 25.Qxd7 doesn't work anymore!} 25. Rg1 (25.
Qxd7 Qe4 26. Rg1 Qxc2 27. Bf5 Qd1+ 28. Kg2 Qh5 $19) 25... Rc7 26. Bf3 Nb8 $1 {
connecting black major pieces and overprotecting c6. White is down a knight
for only one pawn, despite of that Topalov fought hard for another 27 moves- I
believe many players would resign much earlier.} 27. Rg3 Qd6 28. b4 b5 29. Rc1
a5 {White pieces are far away from the queenside, so Judit opens it there.} 30.
bxa5 Qxa3 31. Rc5 (31. Qxf6+ $4 Bg7 {[%csl Rc1]}) 31... Rg7 (31... Bxc5 $4 32.
Qxf6+) 32. Bh5 Rd8 33. Qxf6 {White have won f6 but black king is safe now- too
many black pieces are around to protect the king.} Qxa5 34. Rc2 b4 35. Ra2 Qc7
36. Be2 {36.Ra7 is more resistant, but white must win there anyhow.} (36. Ra7
$142 Qxa7 37. Rxg7 Qxg7 38. Qxd8 Nd7 (38... Na6 39. Qb6 Qd7 $1 40. Qxa6 Qh3+
41. Ke1 Qxh5 42. Qxc6 Qf5 $19) 39. Be8 Nf6 40. Bxc6 Qe7 $19) 36... Qe7 37. Qf5
Qe4 38. Qxe4 dxe4 39. Ra8 b3 40. Bc4 b2 41. Ba2 c5 $1 42. dxc5 b1=Q+ 43. Bxb1
Rd1+ 44. Kg2 Rxb1 {White has only three pawns for two light pieces of black,
but the fight continues!} 45. Ra4 Re7 {in case of RxR white would get a pawns'
diamond!} (45... Rxg3+ 46. hxg3) 46. Rg5 Nc6 47. Ra6 Re6 48. h4 Be7 49. f5 (49.
Ra8+ Rb8) 49... Rf6 50. Rg4 Rb4 51. Ra8+ Rf8 52. Rxf8+ Bxf8 53. f6 Ne5 0-1